| 000 | 00428nam a22001457a 4500 | ||
|---|---|---|---|
| 005 | 20250530154701.0 | ||
| 008 | 250530b |||||||| |||| 00| 0 eng d | ||
| 020 | _a9780825423185 | ||
| 050 |
_aBV4223 _bCAM |
||
| 100 | _aCAMPBELL, ROGER | ||
| 245 |
_aPREACH FOR A YEAR; _b104 SERMON OUTLINES TWO COMPLETE OUTLINES FOR EVERY SUNDAY OF THE YEAR |
||
| 260 |
_aUSA _bKREGEL PUBLICATIONS _cc1996 |
||
| 300 | _a224p | ||
| 942 |
_2lcc _cBK _n0 |
||
| 999 |
_c6075 _d6075 |
||